| 000 | 00795cpcaa2200253 4500 | ||
|---|---|---|---|
| 001 | mm 79005219 | ||
| 003 | DLC | ||
| 005 | 20260227111650.0 | ||
| 008 | 790521|||||||||||| eng | ||
| 010 | _amm 79005219 | ||
| 040 |
_aDLC _cDLC _edacs _dDLC |
||
| 072 | 7 |
_aL _2lcmd |
|
| 100 | 1 | _aFlesch, Philipp. | |
| 245 | 0 | 0 |
_aPhilipp Flesch poems, _f1940. |
| 300 |
_a2 _fitems. |
||
| 506 | 0 | _aOpen to research. | |
| 545 | 0 | _aPoet. | |
| 546 | _aCollection material in English. | ||
| 580 | _aForms part of: Miscellaneous Manuscripts collection. | ||
| 650 | 0 |
_aAmerican poetry _y20th century. |
|
| 656 | 7 |
_aPoets. _2itoamc |
|
| 999 |
_c41870 _d41870 |
||